Cartography / (Record no. 617089)

000 -LEADER
fixed length control field 00388nam a22001577a 4500
003 - CONTROL NUMBER IDENTIFIER
control field NUST
005 - DATE AND TIME OF LATEST TRANSACTION
control field 20260415145212.0
008 - FIXED-LENGTH DATA ELEMENTS--GENERAL INFORMATION
fixed length control field 260415b ||||| |||| 00| 0 eng d
082 ## - DEWEY DECIMAL CLASSIFICATION NUMBER
Classification number 526.9
Author Mark KEN
100 ## - MAIN ENTRY--PERSONAL NAME
Personal name Kenneth Field
9 (RLIN) 134146
245 ## - TITLE STATEMENT
Title Cartography /
Statement of responsibility, etc. Kenneth Field.
260 ## - PUBLICATION, DISTRIBUTION, ETC.
Place of publication, distribution, etc. USA:
Name of publisher, distributor, etc. Esri Press
Date of publication, distribution, etc. 2018.
300 ## - PHYSICAL DESCRIPTION
Extent 549 p ;
Dimensions 34.00
563 ## - BINDING INFORMATION
Binding note Paperback
942 ## - ADDED ENTRY ELEMENTS (KOHA)
Source of classification or shelving scheme
Koha item type Book
Holdings
Withdrawn status Lost status Source of classification or shelving scheme Damaged status Not for loan Permanent Location Current Location Date acquired Total Checkouts Full call number Barcode Date last seen Price effective from Koha item type
          Institute of Geographical Information Systems (IGIS) Institute of Geographical Information Systems (IGIS) 04/15/2026   526.9 KEN IGIS-559 04/15/2026 04/15/2026 Book
© 2023 Central Library, National University of Sciences and Technology. All Rights Reserved.